000 00718nam a2200253Ia 4500
003 OSt
005 20220918201757.0
006 a|||||r|||| 00| 0
007 ta
008 220917b |||||||| |||| 00| 0 eng d
024 _a96,391
037 _cTextual
040 _aARTS
_cARTS
_beng
041 _2eng
_aeng
082 _aV2:1944974,(X:5).M, L7
100 _aSen Jahar
_9100608
245 0 _aIndo Nepal trade in the ninetheenth century
260 _aCalcutta
_bFirme KLM
_c1977
300 _axiv, 192p. illus
_ccm.
500 _aAppendix p134--140; Bibliography p174--182
650 _aHISTORY
942 _hV2:1944974,(X:5).M, L7
_cTEXL
_2CC
999 _c220002
_d220002